| Tag |
First Indicator |
Second Indicator |
Subfields |
| LEADER |
00000cam a22000008a 4500 |
| 001 |
in00000010818 |
| 005 |
20151007051926.0 |
| 008 |
870619s1987 nyua 00100 eng |
| 010 |
|
|
|a 87016252
|
| 020 |
|
|
|a 0139216367
|
| 035 |
|
|
|a (OCoLC)16129225
|
| 035 |
|
|
|9 AAA5479AM
|
| 040 |
|
|
|a DLC
|c DLC
|d TXA
|d UtOrBLW
|
| 049 |
|
|
|a TXAM
|c [A12640562]
|
| 050 |
0 |
0 |
|a TH4817.3
|b .T56 1987
|
| 082 |
0 |
|
|a 643/.7
|2 19
|
| 245 |
0 |
0 |
|a Time-Life books complete home repair manual.
|
| 250 |
|
|
|a 1st ed.
|
| 264 |
|
1 |
|a New York :
|b Prentice Hall Press,
|c [1987]
|
| 264 |
|
4 |
|c ©1987
|
| 300 |
|
|
|a 479 pages :
|b illustrations (some color)
|
| 336 |
|
|
|a text
|b txt
|2 rdacontent
|
| 337 |
|
|
|a unmediated
|b n
|2 rdamedia
|
| 338 |
|
|
|a volume
|b nc
|2 rdacarrier
|
| 500 |
|
|
|a Includes index.
|
| 650 |
|
0 |
|a Dwellings
|x Maintenance and repair
|v Amateurs' manuals.
|
| 710 |
2 |
|
|a Time-Life Books.
|
| 740 |
0 |
|
|a Complete home repair manual.
|
| 999 |
|
|
|a MARS
|
| 999 |
f |
f |
|s 83ea8848-db31-37bc-a2dc-3b1262332632
|i 59c1083a-c281-3f73-aaf1-46a214b3d367
|t 0
|
| 952 |
f |
f |
|p normal
|a Texas A&M University
|b College Station
|c Sterling C. Evans Library
|d Evans: Library Stacks
|t 0
|e TH4817.3 .T56 1987
|h Library of Congress classification
|i unmediated -- volume
|m A14812640562
|
| 998 |
f |
f |
|a TH4817.3 .T56 1987
|t 0
|l Evans: Library Stacks
|